书目信息 |
| 题名: |
实用机电工程安装技术手册
|
|
| 作者: | 秦付良主编 | |
| 分册: | ||
| 出版信息: | 北京 中国电力出版社 2006.1 |
|
| 页数: | ||
| 开本: | 29cm | |
| 丛书名: | 实用工程安装技术手册丛书 | |
| 单 册: | ||
| 中图分类: | TU85 | |
| 科图分类: | ||
| 主题词: | 房屋建筑设备∶机电设备 | |
| 电子资源: | ||
| ISBN: | 7-5083-4000-0 | |
| 000 | 00830nam0 2200241 45 | |
| 001 | 010454956868 | |
| 005 | 20070607161637.48 | |
| 010 | @a7-5083-4000-0@dCNY78.00 | |
| 092 | @aCN@b安徽儒林-K738-8407 | |
| 100 | @a20060318d2006 ekmy0 y0120 ea | |
| 102 | @aCN@b110000 | |
| 105 | @ay z 000yy | |
| 200 | 1 | @a实用机电工程安装技术手册@f秦付良主编 |
| 210 | @a北京@c中国电力出版社@d2006.1 | |
| 215 | @d29cm | |
| 225 | 2 | @a实用工程安装技术手册丛书 |
| 330 | @a本手册内容取材于我国机电安装企业多年积累的技术资料和成熟经验,汇集了目前有关机电安装方面的新技术、新材料、新工艺,并在保留传统实用技术和工艺的基础上,系统地阐述了机电安装工程的操作技术、质量要点和规范要求。 | |
| 606 | 1 | @a房屋建筑设备∶机电设备 |
| 690 | @aTU85@v4 | |
| 701 | 0 | @a秦付良主编 |
| 801 | 0 | @aCN@c20070607 |
| 905 | @dTU85@eQ403 | |
| 906 | @dCNY78.00@n3@r1 | |
| 实用机电工程安装技术手册/秦付良主编.-北京:中国电力出版社,2006.1 |
| 29cm.-(实用工程安装技术手册丛书) |
| ISBN 7-5083-4000-0:CNY78.00 |
| 本手册内容取材于我国机电安装企业多年积累的技术资料和成熟经验,汇集了目前有关机电安装方面的新技术、新材料、新工艺,并在保留传统实用技术和工艺的基础上,系统地阐述了机电安装工程的操作技术、质量要点和规范要求。 |
| ● |
| 相关链接 |
|
|
|
正题名:实用机电工程安装技术手册
索取号:TU85/Q403
 
预约/预借
| 序号 | 登录号 | 条形码 | 馆藏地/架位号 | 状态 | 备注 |
| 1 | 231804 | 202318045 | 建筑库201/201建筑库 53排5列3层/ [索取号:TU85/Q403] | 在馆 | |
| 2 | 231805 | 202318054 | 建筑库201/201建筑库 53排5列3层/ [索取号:TU85/Q403] | 在馆 | |
| 3 | 231806 | 202318063 | 建筑库201/201建筑库 53排5列3层/ [索取号:TU85/Q403] | 在馆 |